Statistics for British Kings and Queens

Click here to take the quiz!

General Stats

  • This quiz has been taken 518 times
    (515 since last reset)
  • The average score is 37 of 41

Answer Stats

HintAnswer% Correct
Elizabeth I
95%
Elizabeth II
94%
George I
93%
George II
93%
Henry I
93%
Edward I
92%
George III
92%
George IV
92%
George V
92%
Henry II
92%
Henry III
92%
Henry V
92%
Henry VI
92%
Henry VII
92%
Victoria
92%
William I
92%
Edward II
91%
Edward V
91%
Edward VI
91%
George VI
91%
Henry IV
91%
Henry VIII
91%
Charles I
90%
Edward III
90%
Edward IV
90%
William II
90%
Charles II
89%
Edward VII
89%
Mary I
88%
James I
87%
Richard I
87%
William III
87%
Edward VIII
86%
James II
86%
Richard II
86%
John
84%
Mary II
84%
Richard III
84%
William IV
83%
Anne
82%
Stephen
80%

Score Distribution

Percentile by Number Answered

Percent of People with Each Score

Your Score History

You have not taken this quiz since the last reset